00471nam a2200181 a 4500001001300000003000900013005001700022008004100039020001000080082001400090245004700104260003500151300000800186500003500194505002200229650001600251710002200267nice12345678IN_TiNIC20260116013017.0050524s1988 dela grp 000 0 eng  ac10000a958.1bNP aAfghanistan Todayb Text of Geneva Accords aDelhibNavyug Publishersc1988 a61p aincludes index and biblioraphy2 apope john paul II aAfghanistan2 aNavyug Publishers